01443nam a2200361Ia 4500001001200000003000800012006001900020007001500039008004100054020001500095020001800110020001800128040002100146035002100167050002500188100002600213245011800239250001800357260005300375300002500428490002200453504005100475533015200526650004700678650004700725650005100772651004600823655002900869710001700898830002300915856012600938999001701064ebr10715437CaPaEBRm o u cr cn|||||||||121021s2013 miua sb 001 0 eng d z0814339077 z9780814339077 z9780814339084 aCaPaEBRcCaPaEBR a(OCoLC)84760967714aHT177.D4bT56 2013eb1 aThomas, June Manning.10aRedevelopment and raceh[electronic resource] :bplanning a finer city in postwar Detroit /cJune Manning Thomas. aPaperback ed. aDetroit :bWayne State University Press,cc2013. axvii, 288 p. :bill.1 aGreat Lakes books aIncludes bibliographical references and index. aElectronic reproduction.bPalo Alto, Calif. :cebrary,d2013.nAvailable via World Wide Web.nAccess may be limited to ebrary affiliated libraries. 0aUrban renewalzMichiganzDetroitxHistory. 0aCity planningzMichiganzDetroitxHistory. 0aAfrican AmericanszMichiganzDetroitxHistory. 0aDetroit (Mich.)xRace relationsxHistory. 7aElectronic books.2local2 aebrary, Inc. 0aGreat Lakes books.40uhttp://site.ebrary.com/lib/rucke/Doc?id=10715437zAn electronic book accessible through the World Wide Web; click to view c40896d40896